00344nam a2200133Ia 4500008004100000041000800041082001400049100002400063245003700087250002200124260002200146300001100168650003100179231207s9999 xx 000 0 und d aeng a004.6/BEH aBehrouz A.lForouzem aData communiation and networking a2004, 3rd Edition bTata mc graw hill aPB/973 aComnputer Program Language